000 00292nam a22001217a 4500
008 180301b xxu||||| |||| 00| 0 eng d
041 _aeng
080 _a7
100 _a44
101 _aART
245 _aFine french furniture, decorations and european ceramics
_cDowe,M.C
942 _2udc
_cBK
999 _c43861
_d43861